Statistics for Countries that are smaller than 10.000 km.

Click here to take the quiz!

General Stats

  • This quiz has been taken 19 times
    (12 since last reset)
  • The average score is 32 of 33

Answer Stats

HintAnswer% Correct
442 kmAntigua and
Barbuda
100%
786 kmBahrain
100%
430 kmBarbados
100%
5.765 kmBrunei
100%
4.033 kmCape Verde
100%
751 kmDominica
100%
344 kmGrenada
100%
811 kmKiribati
100%
160 kmLiechtenstein
100%
2.586 kmLuxembourg
100%
316 kmMalta
100%
2 kmMonaco
100%
21 kmNauru
100%
459 kmPalau
100%
261 kmSaint Kitts and
Nevis
100%
616 kmSaint Lucia
100%
389 kmSaint Vincent and
the Grenadines
100%
2.842 kmSamoa
100%
964 kmSão Tomé and
Príncipe
100%
728 kmSingapore
100%
747 kmTonga
100%
26 kmTuvalu
100%
0.49 kmVatican City
100%
468 kmAndorra
90%
1.862 kmComoros
90%
9.251 kmCyprus
90%
181 kmMarshall Islands
90%
2.040 kmMauritius
90%
702 kmMicronesia
90%
61 kmSan Marino
90%
452 kmSeychelles
90%
300 kmMaldives
80%
5.130 kmTrinidad and
Tobago
70%

Score Distribution

Percentile by Number Answered

Percent of People with Each Score

Your Score History

You have not taken this quiz since the last reset